LEADER 03601nam 2200505 450 001 9910774794803321 005 20231010082216.0 010 $a0-367-82334-9 010 $a1-000-46957-3 035 $a(CKB)4100000012026632 035 $a(MiAaPQ)EBC6727121 035 $a(Au-PeEL)EBL6727121 035 $a(OCoLC)1272996608 035 $a(EXLCZ)994100000012026632 100 $a20220616d2022 uy 0 101 0 $aeng 135 $aurcnu|||||||| 181 $ctxt$2rdacontent 182 $cc$2rdamedia 183 $acr$2rdacarrier 200 00$aAutonomy and equality $erelational approaches /$fedited by Natalie Stoljar and Kristin Voigt 210 1$aNew York, New York ;$aAbingdon, Oxon :$cRoutledge,$d[2022] 210 4$dİ2022 215 $a1 online resource (258 pages) 225 1 $aRoutledge Studies in Contemporary Philosophy 311 $a0-367-41689-1 327 $aCover -- Endorsements -- Half Title -- Series Page -- Title Page -- Copyright Page -- Table of Contents -- Preface and Acknowledgments -- 1. Introduction: A Relational Turn in Political Philosophy -- 2. Relational Equality and the Debate Between Externalist and Internalist Theories of Relational Autonomy -- 3. Could Friends of Relational Autonomy be Relational Sufficientarians Rather than Relational Egalitarians? -- 4. The Wrongs of Relational Inequalities -- 5. Relational Autonomy, Equality, and Self-Respect -- 6. Autonomy, Relational Egalitarianism, and Indignation -- 7. Regarding Oneself as an Equal -- 8. How Being Better Off Is Bad for You: Implications for Distribution, Relational Equality, and an Egalitarian Ethos -- 9. Microaggressions: A Relational Analysis of Harm -- 10. Musical Performance as a Route to Relational Autonomy and Social Equality -- Contributors -- Index. 330 $a"This book draws connections and explores important questions at the intersection of the debates about relational autonomy and relational equality. Although these two research areas share several common assumptions and concerns, their connections have not been systematically explored. The essays in this volume address theoretical questions at the intersection of relational theories of autonomy and equality and also consider how these theoretical considerations play out in real-world contexts. Several chapters explore possible conceptual links between relational autonomy and equality by considering the role of values-such as agency, non-domination, and self-respect-to which both relational autonomy theorists and relational egalitarians are committed. Others reflect on how debates about autonomy and equality can clarify our thinking about oppression based on race and gender, and how such oppression affects interpersonal relationships. Autonomy and Equality: Relational Approaches is the first book to specifically address the relationship between these two research areas. It will be of interest to scholars and graduate students working in social and political philosophy, moral philosophy, and feminist philosophy"--$cProvided by publisher. 410 0$aRoutledge studies in contemporary philosophy. 606 $aAutonomy (Psychology) 606 $aEquality 606 $aAgent (Philosophy) 615 0$aAutonomy (Psychology) 615 0$aEquality. 615 0$aAgent (Philosophy) 676 $a155.25 702 $aStoljar$b Natalie$f1961- 702 $aVoigt$b Kristin$f1979- 801 0$bMiAaPQ 801 1$bMiAaPQ 801 2$bMiAaPQ 906 $aBOOK 912 $a9910774794803321 996 $aAutonomy and equality$93668256 997 $aUNINA LEADER 00703nam a2200217 i 4500 001 991004382131307536 005 20250519175300.0 008 250519s1992 -us er 001 0 eng d 020 $a0195077245 040 $aBibl. Dip.le Aggr. Studi Umanistici - Sez. Filosofia$bita$cSocioculturale Scs 041 0 $aeng 082 04$a121.4092$223 100 1 $aNadler, Steven$0538481 245 10$aMalebranche and ideas /$cSteven Nadler 246 14$aMalebranche & ideas 260 $aNew York ;$aOxford :$bOxford University press,$c1992 300 $aXII, 198 p. ;$c21 cm 600 14$aMalebranche, Nicolas :$cde$xIdee 912 $a991004382131307536 996 $aMalebranche and ideas$94380434 997 $aUNISALENTO